| 000 | 00800nam a2200205Ia 4500 | ||
|---|---|---|---|
| 003 | OSt | ||
| 005 | 20250821105456.0 | ||
| 008 | 210210b2005 xxu||||| |||| 00| 0 eng d | ||
| 040 | _cAL | ||
| 041 | _aKannada | ||
| 082 | _aK894.8 KADK | ||
| 100 |
_aKADAVA SHAMBHUSHARMA. _dಕಡವ ಶಂಭುಶರ್ಮ _9236825 |
||
| 245 |
_aKadava Shambhusharma krati sanchaya-3: natha panthada anuvadita kratigalu _bಕಡವ ಶಂಭುಶರ್ಮ ಕೃತಿ ಸಂಚಯ ೩: ನಾಥ ಪಂಥದ ಅನುವಾದಿತ ಕೃತಿಗಳು |
||
| 260 |
_aPutturu _bKadava shambhu sharma smaraka pratishtana _c2005 |
||
| 300 | _aii,52,772 | ||
| 650 |
_aKadava Shambhusharma Shridhara Ech Ji Natha Pantha _9236826 |
||
| 690 |
_aKannada Collections _9236827 |
||
| 906 | _a060350 | ||
| 942 |
_2ddc _cBK |
||
| 999 |
_c107311 _d107311 |
||